MDQL
is popping MORE tags! Check the
thread
!
Quizzes
Events
Quiz Creation
Community
Videos
Private Events
Remove Ads
Sign In
Join for FREE
Feedback
Dark Mode
Quiz Categories
Sports
Geography
Music
Movies
Television
Just For Fun
Miscellaneous
History
Literature
Language
Science
Gaming
Entertainment
Religion
Holiday
For Kids
Quiz Lab
Recent
Popular Today
Quiz Kudos Today
Editor Picks
Curator Picks
Quizzes by...
Day
Popularity
Type
Ratings
Length
Year
Community
Subscriptions
Recent Discussions
Orange Saloon
Badges
Playlists
Quests
Create
Leaderboards
Showdown
Live 5
Trivia Bingo
Activity
Puzzle Library
Sporcle Events
Private Events
Virtual Trivia
Globe League
Become a Host
Pub Owners
SporcleCon
Opinionation
Our Games
Videos
Blog
Mobile Apps
Partnerships
Remove Ads and Go Orange
Feedback
Sports
Athletes
MLB
NBA
NHL
NFL
Soccer
Sports Teams
WWE
NCAA
Football
Premier League
Basketball
Baseball
Hockey
Golf
Tennis
Cricket
Rugby
Auto Racing
Olympics
World Cup
Sports
Athletes
MLB
NBA
NHL
NFL
Soccer
Sports Teams
WWE
NCAA
Football
Premier League
Basketball
Baseball
Hockey
Golf
Tennis
Cricket
Rugby
Auto Racing
Olympics
World Cup
Random Quiz
Search Sporcle
×
Quiz Lab
Quiz Lab
Sports
Football
Type in answers that appear in a list
Type in answers that appear in a list
Classic
Best Score? Go Orange.
Mikel Arteta's Everton goals Stats
Can you name the Mikel Arteta's Everton goals?
By
EvertonChris
8m
35 Questions
500 Plays
500 Plays
500 Plays
Comments
Comments
Give Quiz Kudos
Give Quiz Kudos
-
- Ratings
hide this ad
Replay
Link that replays current quiz
Next Quiz
Link to next quiz in quiz playlist
You Got
0%
They Got
Avg Score
64%
Avg Friend Score
Upgrade to see
Score Distribution
Jump to the score distribution portion of the page
Score
0/35
Timer
08:00
0
Plays Today
Date
Team
% Correct
17/
10/
2010
Liverpool
92.4%
24/
03/
2010
Manchester City
91.8%
15/
02/
2009
Aston Villa
89.6%
22/
11/
2010
Sunderland
87.9%
08/
02/
2005
Chelsea
87.8%
17/
12/
2006
Chelsea
87.8%
03/
12/
2005
Blackburn Rovers
85.8%
16/
08/
2008
Blackburn Rovers
85.8%
17/
04/
2010
Blackburn Rovers
85.8%
27/
08/
2011
Blackburn Rovers
85.4%
21/
02/
2007
Tottenham Hostpur
84.2%
18/
11/
2006
Bolton Wanderers
84%
28/
12/
2008
Sunderland
84%
28/
12/
2008
Sunderland
84%
07/
02/
2009
Bolton Wanderers
84%
20/
03/
2010
Bolton Wanderers
84%
05/
10/
2008
Newcastle United
83.8%
25/
04/
2010
Fulham
82.8%
Date
Team
% Correct
10/
01/
2009
Hull City
80.4%
07/
03/
2010
Hull City
80.4%
07/
03/
2010
Hull City
80.4%
21/
01/
2007
Wigan Athletic
72.4%
21/
01/
2007
Wigan Athletic
72.4%
05/
05/
2007
Portsmouth
69%
10/
04/
2005
Crystal Palace
68.8%
24/
08/
2011
Sheffield United
55.4%
28/
10/
2007
Derby County
52.2%
19/
08/
2006
Watford
48%
11/
09/
2010
Manchester United
47.4%
21/
10/
2006
Sheffield United
44.2%
03/
03/
2007
Sheffield United
44.2%
12/
03/
2008
Fiorentina
44.2%
21/
02/
2008
SK Brann
25%
24/
08/
2005
Villarreal
24.6%
08/
11/
2007
1.FC Nurnberg
24.4%
Quiz Playlist
Details
Report
Send in Message
Add To Playlist
Classic:
Type in answers that appear in a list
Last Updated: Feb 16, 2017
Quiz Scoreboard
CHALLENGE
Sign Up to Join the Scoreboard
Show All
Scores
Hide
Comments
May contain spoilers
Recently Published
Colored Red Africa Blitz
by spor1
Geography
30s
Find the 'City' Movie
by crazypaving
Movies
60s
5x2 Blitz: Bands
by SL_Kpop136
Music
30s
More to Explore
Quiz From the Vault
Featured Blog Post
14 Easter Pick-up Lines to Find Eggs With
hide this ad
You Might Also Like...
Tags
Football Quiz
Premier League Quiz
date
Everton
goal
team
Today's Top Quizzes in Sports
Browse Sports
hide this ad
Today's Top Quizzes in Football
Browse Football
Top Contributed Quizzes in Sports
1
Players with Multiple 50 Home Run Seasons
2
Les entraîneurs de l'OM et du PSG au 21e siècle
3
Criteria MLB: Left Handed Sluggers
4
2022 World Cup Stars
5
Les meilleurs buteurs des matchs entre le PSG et l’OM
6
Who Hit More Homers?
7
Les joueurs passés par le PSG et l'OM
8
NBA Logic Puzzle 2.0
9
Top 10 NHL Goal Scorers of All Time
10
MLB Players with Two .350 Batting Average Seasons
Explore More
Trending Topics
Marvel
Kpop
Anime
Harry Potter
Disney
Crossword
NBA
NFL
WWE
The Office
Country
Pokémon
Soccer
Puzzle
Song
hide this ad
More By:
EvertonChris
Quiz
Plays
Rating
Category
Featured
Created
Everton's Top Premier League Appearances
2,973
5.00
Sports
Oct 13, 2009
Everton's Top Premier League Goalscorers
1,170
1.50
Sports
Oct 12, 2009
Tim Cahill's Everton goals
961
4.67
Sports
Mar 24, 2010
Mikel Arteta's Everton goals
500
4.00
Sports
Apr 25, 2010
Leon Osman's Everton goals
259
5.00
Sports
Apr 26, 2012
Go to Creator's Profile
Score Distribution
Quiz Creator Spotlight
EvertonChris
Follow
Send a Message
Quizzes Created
-
Created Quiz Play Count
-
More By This Creator
Popular Quizzes Today
1
Find the 'City' Movie
2
Colored Red Africa Blitz
3
Find the US States - No Outlines Minefield
4
5x2 Blitz: Bands
5
The Countries of the World
6
Find the US States
7
US States
8
9x9 Crossword: Cartoon Network
More Sports Quizzes
100+ Receptions: Tennessee Titans, 2000-2020
Published
Trending Quizzes
Colored Red Europe Blitz I
Colored Red Africa Blitz II
Colored Red Europe Blitz II
Colored Red Africa Blitz III
Colored Red Europe Blitz III
Recently Updated
2024 March Madness Bracket
pecheneg
Famous TV Couples
Peacemaker
Champions League XIs: Real Madrid
pecheneg
Largest US Cities 1790-2010
pecheneg
Rides in Walt Disney World
pecheneg
Most Oscar Losses (Acting)
pecheneg
Beyoncé Albums
pecheneg
Leaping Animals
pecheneg
Reality TV Shows (A-Z)
bhenderson79
Rickey Henderson's Hall of Fame Teammates
pecheneg
Trending Topics
Crossword
Anime
NBA
Marvel
Kpop
Harry Potter
Disney
WWE
NFL
Country
Soccer
Puzzle
Song
Pokémon
The Office
Your Account Isn't Verified!
In order to create a playlist on Sporcle, you need to verify the email address you used during registration. Go to your
Sporcle Settings
to finish the process.
Report this User
Report this user for behavior that violates our
Community Guidelines
.
Details:
Send Report
Go to the Sporcle.com Mobile Site →
Comments